| 000 | 00799nam a2200229Ia 4500 | ||
|---|---|---|---|
| 003 | OSt | ||
| 005 | 20200911131126.0 | ||
| 008 | 191128s1980 ck fr 000 0 spa d | ||
| 020 | _a8482721496 | ||
| 040 |
_aCO-JMCR _cCO-JMCR |
||
| 041 | 0 | _aspa | |
| 082 | 0 | 4 |
_a364.16 / _bM177i _223 |
| 100 | 1 |
_aMartínez Zúñiga, Lisandro, _eautor _910180 |
|
| 245 | 1 | 0 |
_aIntroducción al estudio de los delitos contra el patrimonio económico / _cLisandro Martínez Zúñiga |
| 260 |
_aBogotá : _bTemis, _c1980 |
||
| 300 |
_aix, 161 páginas ; _c18 cm. |
||
| 490 | 0 |
_aMonografías Jurídicas ; _v13 |
|
| 505 | 0 | _aDesde el punto de vista civil -- Desde el punto de vista penal -- Las aguas | |
| 650 | 1 | 4 |
_aDelitos contra el patrimonio _98494 |
| 650 | 1 | 4 |
_aDelitos contra la propiedad _98296 |
| 942 |
_2ddc _cBK |
||
| 999 |
_c5960 _d5960 |
||